000 03092nam a2200445 a 4500
003 CHAP
005 20250612093549.0
007 cr ||||||a|c|a
008 101123s2010 mx r 00010 spa d
035 _a111586
040 _cCHAP
090 _aTesis
100 1 _aSánchez Aldaco, Missael.
_9107312
245 1 0 _aResistencia de Avena fatua a herbicidas inhibidores de la ACCasa y ALS en el Bajio Guanajuatense
_c/por Missael Sánchez Aldaco; director de tesis J. Antonio Tafoya Razo.
264 1 _aChapingo, Méx. :
_bEl autor,
_c2010
300 _a1 recurso en línea (50 páginas):
_bcuadros, figuras.
336 _2rdacontent
_atexto
_btxt
337 _2rdamedia
_acomputadora
_bc
338 _2rdacarrier
_arecursos en línea
_bcr
502 _bIAEPA
_cParasitología
_d2010.
_gLIC
520 _aEl presente trabajo se realizó con la finalidad de determinar la resistencia de dos biotipos de Avena fatua, a los herbicidas mesosulfuron + iodosulfuron y tralkoxydim; para esto se usaron las siguientes dosis 1/32x, 1/16x, 1/8x, 1/4x, 1/2x, 1x, 2x; 4x, 8x; siendo X la dosis comercial. La aplicación de los herbicidas se hizo en postemergencia cuando las plantas contaban con 3 hojas verdaderas. El diseño experimental utilizado fue completamente al azar, con 7 tratamientos y 5 repeticiones. Las unidades experimentales fueron macetas de plástico de 5 litros. llenas con suelo de tipo arcilloso. Se cuantifico la reducción de peso fresco a los 30 días después de la aplicación. Los resultados muestran, en general que hubo un control deficiente del herbecida Tralkoxidim en el biotipo Penjamo el cual fue 70% a la dosis comercial; en este mismo biotipo pero en los tratamiento efectuados con el herbicida Mesosulfuron + iodosulfuron se observó, una reducción del peso fresco de hasta un 90% pero sin llegar a matar a las malezas. En el caso del biotipo Jaral se observó una susceptibilidad que permitió observar la reducción de peso fresco a partir de 1/32 con una reducción de hasta el 90% a esta dosis para los dos herbicidas. El mayor Indicé de Resistencia (IR) que se presento fue para el tratamiento con el herbicida Tralkoxidim el cual fue de 32; a comparación con Mesosulfuron + iodosulfuron el cual expreso un IR de 4.5.
590 _aALEPH
_b10
_c20130110
590 _aBATCH-UPD
_b10
_c20130110
590 _aBATCH-UPD
_b10
_c20130410
590 _aBATCH-UPD
_b10
_c20130914
590 _aBATCH-UPD
_b10
_c20140324
590 _aBATCH-UPD
_b10
_c20141002
590 _aCONVERSION
_b10
_c20130109
650 1 4 _aAvena fatua.
_98557
650 1 4 _aAvena
_xGuanajuato.
_98525
650 1 4 _aMalas hierbas
_xResistencia a herbicidas.
700 0 _aTafoya Razo, José Antonio
_eDirector de tesis.
_9111341
856 _uhttp://10.13.5.2/tesis/111586.pdf
_zDESCARGAR PDF
901 _aBK
942 _cTD
_2Clasifficación Universidad Autónoma Chapingo
949 _aTesis
_bBC
_cTES
_d33724002222439
_eTS2
_fc.2
_gDonaciØn
_h51505
_i111586
_sb
949 _aTesis
_bBC
_cTES
_d33724002222470
_eTS1
_gDonaciØn
_h51504
_i111586
_sb
999 _c99928
_d99928